| 000 | 00523nam a2200181 4500 | ||
|---|---|---|---|
| 001 | 126491 | ||
| 003 | ES-MaACL | ||
| 005 | 20230906192829.0 | ||
| 007 | t| | ||
| 008 | 070214s1968 sp r ||||1| cat d | ||
| 100 | 1 |
_aRechlin, Eva. _995756 |
|
| 245 | 1 | 0 |
_aPatria _b: els teus fills / _cEva Rechlin ; traducción de Laura Triadú. |
| 250 | _a1ª. ed. | ||
| 260 |
_aBarcelona : _bEdicions 62, _c1968. |
||
| 300 |
_a122 p. : _bil. ; _c20 cm. |
||
| 700 | 1 |
_aTriadú, Laura. _9111363 |
|
| 852 |
_aES-MaACL _jC-50355 _bR.65379 |
||
| 999 |
_c126491 _d126491 |
||